00000000nam##2200000za#4500
0019.679203
003CaOODSP
00520200328191934
007ta
008150407|1994||||xxc|||||     f|0| 0 fre|d
020 |a0-660-94487-1|z0-660-59203-7
040 |aCaOODSP|bfre
043 |an-cn---
0861 |aSN3-61/1994F
1101 |aCanada.|bBibliothèque nationale du Canada.
24510|aClasse FC: cadre de classification de l'histoire du Canada
250 |aDeuxième édition
260 |aOttawa - Ontario : |bBibliothèque nationale du Canada |c1994.
300 |axii, 129p. ; |c26 cm.
500 |a«La deuxième édition [...] constitue une version revue et augmentée de la première édition de cette table parue en 1976. Celle-ci a remplacé beaucoup de systèmes de classification du type Library of Congress utilisés par les bibliothèques canadiennes pour classer l'information dans le domaine de l'histoire du Canada.»--Préface de la deuxième édition. Données de catalogage avant publication (Canada) imprimées dans cette publication.
5203 |aCe document présente le système de classification normalisé de l'histoire canadienne en vigueur à la Bibliothèque nationale. Ce système est compatible avec le système de classification de la Library of Congress. Il constitue un outil de recherche précieux pour tous ceux qui s'intéressent à l'histoire du Canada.
563 |aCouverture souple
590 |a94-16|b1994-04-22
69107|aClassification documentaire|2gcpds
69107|aHistoire du Canada|2gcpds
77508|tClass FC: a classification for Canadian history |w(CaOODSP)9.645522
7760#|tClasse FC : cadre de classification de l'histoire du Canada |w(CaOODSP)9.632692